| 000 | 00381 a2200157 4500 | ||
|---|---|---|---|
| 001 | 195338 | ||
| 020 | _a978-85-96-02155-5 | ||
| 040 | _cMagnum | ||
| 100 | _aMartinelli, Tânia Alexandre | ||
| 240 | 1 | 0 |
_aO manual da menina equilibrista _lpor |
| 245 | 1 | 0 | _aO manual da menina equilibrista |
| 300 | _a55 | ||
| 362 | 0 | _a2019 | |
| 697 | _aLITERATURA INFANTO-JUVENIL | ||
| 942 | _cBK | ||
| 999 |
_c195338 _d195338 |
||